000
00385nam a22001577a 4500
003
MPLRDC
005
20220104142822.0
008
210129b ||||| |||| 00| 0 eng d
082
_a
572.6232 ZHLF 1991
100
_a
立法秘书处
245
_a
中华民国立法院
_c
260
_a
_b
立法秘书处
_c
1991
300
_b
精
650
_a
立法
942
_c
BK
_o
572.6232 ZHLF 1991
999
_c
33962
_d
33952